NLSUI OPAC header image

A comparative study of visual impairment in the united states of America (USA) and India in context of higher education in law schools (Record no. 217565)

MARC details
000 -LEADER
fixed length control field 00752nam a2200145Ia 4500
005 - DATE AND TIME OF LATEST TRANSACTION
control field 20260209120146.0
008 - FIXED-LENGTH DATA ELEMENTS--GENERAL INFORMATION
fixed length control field 260209s9999||||xx |||||||||||||| ||und||
100 ## - MAIN ENTRY--PERSONAL NAME
Personal name Yavnika
245 #2 - TITLE STATEMENT
Title A comparative study of visual impairment in the united states of America (USA) and India in context of higher education in law schools
260 ## - PUBLICATION, DISTRIBUTION, ETC.
Place of publication, distribution, etc. BangaloreBangalore
Name of publisher, distributor, etc. NLSIU, Bangalore
Date of publication, distribution, etc. 2022
300 ## - PHYSICAL DESCRIPTION
Extent 47 p. ; 25 cm.
505 ## - FORMATTED CONTENTS NOTE
Formatted contents note Accessibility Disability Laws - India - United States of America Higher Education and Accessibility - United States of America - India Persons with Disability - United States of America - India
700 ## - ADDED ENTRY--PERSONAL NAME
Personal name Ms. Prerna Dhoop - Supervisor Ms. Prerna Dhoop - Supervisor
856 ## - ELECTRONIC LOCATION AND ACCESS
Uniform Resource Identifier <a href="https://dans.nls.ac.in/handle/123456789/1167">https://dans.nls.ac.in/handle/123456789/1167</a>
Holdings
Withdrawn status Lost status Damaged status Not for loan Home library Current library Date acquired Total Checkouts Barcode Date last seen Price effective from Koha item type
        . . 09.02.2026   LLM931 09.02.2026 09.02.2026 Dissertation